Faculty of Law Library — Cairo University

Official Online Catalog

أصول علم الإجرام القانوني : (Record no. 50923)

MARC details
000 -LEADER
fixed length control field 01364nam a2200301 i 4500
003 - CONTROL NUMBER IDENTIFIER
control field EG-GICUC
005 - DATE AND TIME OF LATEST TRANSACTION
control field 20260121101511.0
008 - FIXED-LENGTH DATA ELEMENTS--GENERAL INFORMATION
fixed length control field 251216s2001 ua ||||f |||| 00| 0 ara d
040 ## - CATALOGING SOURCE
Original cataloging agency EG-GICUC
Language of cataloging ara
Transcribing agency EG-GICUC
Modifying agency EG-GICUC
Description conventions rda
041 ## - LANGUAGE CODE
Language code of text/sound track or separate title ara
082 04 - DEWEY DECIMAL CLASSIFICATION NUMBER
Edition number 21
Classification number 343.6
Item number س ل . أ
092 04 - LOCALLY ASSIGNED DEWEY CALL NUMBER (OCLC)
Edition number 21
099 ## - LOCAL FREE-TEXT CALL NUMBER (OCLC)
Classification number Law1 10 343.6 س ل . أ 2001
100 0# - MAIN ENTRY--PERSONAL NAME
Personal name سليمان عبد المنعم سليمان
Relator term مؤلف.
245 10 - TITLE STATEMENT
Title أصول علم الإجرام القانوني :
Remainder of title إشكاليات تأصيل علم الإجرام - التحليل الوصفى لظاهرة الجريمة - التحليل التفسيري لعوامل الإجرام /
Statement of responsibility, etc. سليمان عبد المنعم سليمان.
264 #1 - PRODUCTION, PUBLICATION, DISTRIBUTION, MANUFACTURE, AND COPYRIGHT NOTICE
Place of production, publication, distribution, manufacture الاسكندرية :
Name of producer, publisher, distributor, manufacturer دار الجامعة الجديدة للنشر,
Date of production, publication, distribution, manufacture, or copyright notice 2001..
300 ## - PHYSICAL DESCRIPTION
Extent ؛ 412 صفحة
Dimensions 24 سم.
336 ## - CONTENT TYPE
Source rda content
Content type term text
337 ## - MEDIA TYPE
Source rda media
Media type term Computer
338 ## - CARRIER TYPE
Source rda carrier
Carrier type term Online Resource
504 ## - BIBLIOGRAPHY, ETC. NOTE
Bibliography, etc. note يحتوي على ارجاعات ببليوجرافية
546 ## - LANGUAGE NOTE
Language note النص أغلبه باللغة العربية بعض النصوص الإنجليزية والفرنسية
650 14 - SUBJECT ADDED ENTRY--TOPICAL TERM
Topical term or geographic name entry element علم الإجرام
General subdivision القانون الجنائي
651 1# - SUBJECT ADDED ENTRY--GEOGRAPHIC NAME
Source of heading or term qrmak
856 40 - ELECTRONIC LOCATION AND ACCESS
Uniform Resource Identifier <a href="https://fll.law.cu.edu.eg/fulltext/bks/B10-07272.pdf">https://fll.law.cu.edu.eg/fulltext/bks/B10-07272.pdf</a>
905 ## - Cataloger and Reviser Names
Cataloger Name: Rawan khaled
942 ## - ADDED ENTRY ELEMENTS (KOHA)
Source of classification or shelving scheme Dewey Decimal Classification
Koha item type Books
Edition 21
Suppress in OPAC No
Holdings
Withdrawn status Lost status Source of classification or shelving scheme Damaged status Not for loan Collection Home library Current library Date acquired Total checkouts Full call number Barcode Date last seen Copy number Price effective from Koha item type
    Dewey Decimal Classification   Not for loan القانون الجنائي جــــامعة القــاهرة مكتبة كلية الحقوق - المبنى الرئيسي 16.12.2025   Law1 10 343.6 س ل . أ 2001 1007272 C1 B10-07272 16.12.2025 1 16.12.2025 Books
    Dewey Decimal Classification     القانون الجنائي جــــامعة القــاهرة مكتبة كلية الحقوق - المبنى الرئيسي 16.12.2025   Law1 10 343.6 س ل . أ 2001 1007273 C2 B10-07273 16.12.2025 2 16.12.2025 Books
    Dewey Decimal Classification     القانون الجنائي جــــامعة القــاهرة مكتبة كلية الحقوق - المبنى الرئيسي 28.12.2025   Law2 10 343.6 س ل . أ 2001 1007339 C3 B10-07339 28.12.2025 3 28.12.2025 Books

© All rights reserved — Faculty of Law, Cairo University